00537nam a2200121 4500082002100000100002200021245018900043260003500232300006400267526003700331650000800368650003900376 a355.4742bCORcD1 aCornish, Vaughan,10aNaval and military geography of the British empirec(considered in relation to the war with Germany) Lectures given during 1914-16 to officers of the navy and army, by Vaughan Cornish. aLondon,bH. Rees, ltd.,c1916. avi, [2], 140 p.bincl. plates, maps. 6 fold. maps.c22 cm. a0b0c0d355_474200000000000_COR 0aMCE 0aMilitary geographyzGreat Britain.